000 00312nam a22001217a 4500
020 _a0710608764
082 _a358.24,JAN
245 _aJane's C3I System 1989-90 /
_cEdited by Peter Rackham
260 _aU. K
_bJane Information Group
_c1989
300 _a207 p
650 _aC3I System
_9131090
942 _2ddc
_cBK
999 _c615147
_d615147